000 00531nam a2200217 a 4500
001 0001-2196
003 ELIB.Books
008 190802 2010 eng
020 _a1557040605
092 _a327.1
_bAbr
100 _aAbrams, Irwin.
245 _aThe Words of Peace
260 _aNew York
_bNewmarket Press
_c1990
300 _a139
_c21cm
650 _aPeace
856 _nKBTS Library
_uKBTS Elib
942 _2ddc
_cBK
990 _a1
998 _aEnglishbooks.elf
_ccat
_e2019-08-02
999 _c12196
_d12196